000 00677nam a2200181Ia 4500
008 090630s9999 xx 000 0 und d
082 _b20874
100 _aकुळकर्णी नलिनी.
245 _aभूताने बनवला राजा.
_cकुळकर्णी नलिनी.
260 _bअमोल - पुणे.
_c1998
300 _a16
600 _aकुळकर्णी नलिनी.
630 _aभूताने बनवला राजा.
655 _aबालवाङमय.
700 _aकुळकर्णी नलिनी.
730 _aभूताने बनवला राजा.
942 _cBOOK
999 _c272730
_d272730